000 01060cam a2200277 a 4500
001 14914435
003 PILC
005 20160105123349.0
008 070703s2006 ph a b 000 0 eng
010 _a 2006425193
020 _a9719335602
040 _aDLC
_cDLC
042 _alcode
043 _aa-ph---
050 0 0 _aML 594.P55
_b.Sa27 2006
100 1 _aSamson, Helen F.
245 1 4 _aThe bamboo organ of Las Piñas /
_cby Helen Samson-Lauterwald.
250 _a2nd edition, revised, and updated.
260 _aLas Piñas, Metro Manila :
_bBamboo Organ Foundation,
_c2006.
300 _axvii, 190 pages :
_billustrations (some color) ;
_c22 cm.
500 _aIncludes bibliographical references.
610 1 0 _aLas Piñas, Philippine Islands.
_bSt. Joseph (Church)
_xOrgans.
906 _a7
_bcbc
_corigode
_d3
_encip
_f20
_gy-gencatlg
942 _2lcc
_cBK
_kFIL
999 _c289033
_d289033